00411 2200169 4500001002100000005001500021008004100036020001800077035001900095041000700114082001000121090001400131100001900145245001900164260003500183300002300218INLIS00000000001996520241224115812241224||||||||| | ||| |||| || |  a979-002-649-0 0010-1224019965 aid0 a634.6 a634.6 LEN0 aTim Penulis PS00aLENGKENG MERAH aJakartabPenebar Swadayac2014 a76 hlm.;ilus.23 cm